000 00334nam a22001457a 4500
008 221104b ||||| |||| 00| 0 eng d
020 _a9780205899678
041 _aeng
080 _2TENTH EDITION
_a610.73
082 _a610.73 AND
100 _a8
101 _aINF
245 _aTHINKING ABOUT WOMEN
_cANDERSEN M
942 _2udc
_cBK
999 _c58735
_d58735